Normal view
MARC view
Entry Personal Name
001 - CONTROL NUMBER
- control field: 27004
003 - CONTROL NUMBER IDENTIFIER
- control field: dpl
005 - DATE AND TIME OF LATEST TRANSACTION
- control field: 20110404120228.0
008 - FIXED-LENGTH DATA ELEMENTS
- fixed length control field: 110404|||a|||||| | ||| d
040 ## - CATALOGING SOURCE
- Original cataloging agency: dpl
- Transcribing agency: dpl
100 ## - HEADING--PERSONAL NAME
- Personal name: Verma, S.P.
670 ## - SOURCE DATA FOUND
- Source citation: Work cat.: (dpl)0: Narrative of the Indian revolt from its outbreak to the capture of Lucknow, 2007(rept)
670 ## - SOURCE DATA FOUND
- Source citation: Work cat.: (dpl)0: Narrative of the Indian revolt from its outbreak to the capture of Lucknow, 2007(rept)
